00855nam a22002537a 4500001000400000003001000004005001700014008004100031020001800072040002500090080002500115245014200140250001100282260003900293300002700332504002500359650003200384650002800416650003000444650002400474650002700498700003700525700003900562100BR-CuiBMT20230929124322.0230811b2021 mgbaaaa 000 0 por d a9786555180442 aBR-CuiBMTcBR-CuiBMT 22007a347.72.028:35100aAspectos controvetidos do compliance na administração pública /cAugusto Neves Dal Pozzo, Ricardo Marcondes Martins, coordenadores. a1. ed. aBelo Horizonte :bFórum,cc2020. a553 p. :bil. ;c22 cm aInclui bibliografia. aAdministração pública aProgramas de compliance aGovernança coorporativa aDireito empresarial aDireito administrativo1 4coord.aDal Pozzo, Augusto Neves1 4coord.aMartins, Ricardo Marcondes